<?xml version="1.0" encoding="UTF-8"?>
<record
    xmlns:xsi="http://www.w3.org/2001/XMLSchema-instance"
    xsi:schemaLocation="http://www.loc.gov/MARC21/slim http://www.loc.gov/standards/marcxml/schema/MARC21slim.xsd"
    xmlns="http://www.loc.gov/MARC21/slim">

  <leader>00463nam a2200181   4500</leader>
  <controlfield tag="003">SEACOMMC</controlfield>
  <controlfield tag="005">20250422150556.0</controlfield>
  <controlfield tag="008">241023b        |||||||| |||| 00| 0 eng d</controlfield>
  <datafield tag="020" ind1=" " ind2=" ">
    <subfield code="a"> 978-93-88069-17-5</subfield>
    <subfield code="c">Rs.150.00</subfield>
  </datafield>
  <datafield tag="040" ind1=" " ind2=" ">
    <subfield code="a">SEACOMMC</subfield>
  </datafield>
  <datafield tag="082" ind1=" " ind2=" ">
    <subfield code="a">512.74</subfield>
    <subfield code="b"> M 297</subfield>
  </datafield>
  <datafield tag="100" ind1=" " ind2=" ">
    <subfield code="a">Mapa, S.K</subfield>
  </datafield>
  <datafield tag="245" ind1="1" ind2=" ">
    <subfield code="a">Higher Algebra :Classical</subfield>
    <subfield code="c">S.K. Mapa</subfield>
  </datafield>
  <datafield tag="250" ind1=" " ind2=" ">
    <subfield code="a">7th rev.ed.</subfield>
  </datafield>
  <datafield tag="260" ind1=" " ind2=" ">
    <subfield code="a"> Kolkata</subfield>
    <subfield code="b"> Levant Books </subfield>
    <subfield code="c"> 2005</subfield>
  </datafield>
  <datafield tag="650" ind1=" " ind2=" ">
    <subfield code="a">Complex Number</subfield>
  </datafield>
  <datafield tag="942" ind1=" " ind2=" ">
    <subfield code="c">BOOK</subfield>
  </datafield>
  <datafield tag="952" ind1=" " ind2=" ">
    <subfield code="0">0</subfield>
    <subfield code="1">0</subfield>
    <subfield code="2">ddc</subfield>
    <subfield code="4">0</subfield>
    <subfield code="7">0</subfield>
    <subfield code="a">SEACOMMC</subfield>
    <subfield code="b">SEACOMMC</subfield>
    <subfield code="c">REF</subfield>
    <subfield code="d">2007-11-01</subfield>
    <subfield code="l">0</subfield>
    <subfield code="o">512   M 297</subfield>
    <subfield code="p">M-616</subfield>
    <subfield code="r">2024-10-23 12:06:59</subfield>
    <subfield code="w">2024-10-23</subfield>
    <subfield code="y">BOOK</subfield>
  </datafield>
  <datafield tag="952" ind1=" " ind2=" ">
    <subfield code="0">0</subfield>
    <subfield code="1">0</subfield>
    <subfield code="2">ddc</subfield>
    <subfield code="4">0</subfield>
    <subfield code="7">0</subfield>
    <subfield code="a">SEACOMMC</subfield>
    <subfield code="b">SEACOMMC</subfield>
    <subfield code="d">2007-11-01</subfield>
    <subfield code="l">0</subfield>
    <subfield code="o">512   M 297</subfield>
    <subfield code="p">M-617</subfield>
    <subfield code="r">2024-10-23 12:07:33</subfield>
    <subfield code="t">1</subfield>
    <subfield code="w">2024-10-23</subfield>
    <subfield code="y">BOOK</subfield>
  </datafield>
  <datafield tag="952" ind1=" " ind2=" ">
    <subfield code="0">0</subfield>
    <subfield code="1">0</subfield>
    <subfield code="2">ddc</subfield>
    <subfield code="4">0</subfield>
    <subfield code="7">0</subfield>
    <subfield code="a">SEACOMMC</subfield>
    <subfield code="b">SEACOMMC</subfield>
    <subfield code="d">2007-11-01</subfield>
    <subfield code="l">0</subfield>
    <subfield code="o">512   M 297</subfield>
    <subfield code="p">M-618</subfield>
    <subfield code="r">2024-10-23 12:07:33</subfield>
    <subfield code="t">2</subfield>
    <subfield code="w">2024-10-23</subfield>
    <subfield code="y">BOOK</subfield>
  </datafield>
  <datafield tag="952" ind1=" " ind2=" ">
    <subfield code="0">0</subfield>
    <subfield code="1">0</subfield>
    <subfield code="2">ddc</subfield>
    <subfield code="4">0</subfield>
    <subfield code="7">0</subfield>
    <subfield code="a">SEACOMMC</subfield>
    <subfield code="b">SEACOMMC</subfield>
    <subfield code="d">2007-11-01</subfield>
    <subfield code="l">0</subfield>
    <subfield code="o">512   M 297</subfield>
    <subfield code="p">M-619</subfield>
    <subfield code="r">2024-10-23 12:07:33</subfield>
    <subfield code="t">3</subfield>
    <subfield code="w">2024-10-23</subfield>
    <subfield code="y">BOOK</subfield>
  </datafield>
  <datafield tag="952" ind1=" " ind2=" ">
    <subfield code="0">0</subfield>
    <subfield code="1">0</subfield>
    <subfield code="2">ddc</subfield>
    <subfield code="4">0</subfield>
    <subfield code="7">0</subfield>
    <subfield code="a">SEACOMMC</subfield>
    <subfield code="b">SEACOMMC</subfield>
    <subfield code="d">2007-11-01</subfield>
    <subfield code="l">0</subfield>
    <subfield code="o">512   M 297</subfield>
    <subfield code="p">M-620</subfield>
    <subfield code="r">2024-10-23 12:07:33</subfield>
    <subfield code="t">4</subfield>
    <subfield code="w">2024-10-23</subfield>
    <subfield code="y">BOOK</subfield>
  </datafield>
  <datafield tag="999" ind1=" " ind2=" ">
    <subfield code="c">688</subfield>
    <subfield code="d">688</subfield>
  </datafield>
</record>
